Statistics for Countries With Most Oscars for Best Foreign Language Film

Click here to take the quiz!

General Stats

  • This quiz has been taken 620 times
    (455 since last reset)
  • The average score is 10 of 15

Answer Stats

#Country% Correct
14France
99%
12Italy
95%
4Spain
94%
3Germany
92%
4Japan
92%
3Sweden
84%
3Denmark
66%
2Austria
63%
3Netherlands
63%
2Argentina
60%
2Iran
52%
2Switzerland
51%
2Hungary
44%
3Soviet Union
32%
2Czechoslovakia
17%

Score Distribution

Percentile by Number Answered

Percent of People with Each Score

Your Score History

You have not taken this quiz since the last reset